| 000 | 00648nam a22001697a 4500 | ||
|---|---|---|---|
| 003 | MACL | ||
| 005 | 20160719131302.0 | ||
| 008 | 160719b xxu||||| |||| 00| 0 eng d | ||
| 040 | _cMACL | ||
| 041 | _aHindi | ||
| 082 | _a900 | ||
| 100 |
_aपाण्डेय, संजय कुमार _964707 |
||
| 245 |
_aप्राचीन भारत में व्यापारिक मार्ग _cसंजय कुमार पाण्डेय |
||
| 260 |
_aवाराणसी _bकला एवं धर्म शाेध संस्थान _c2013 |
||
| 650 |
_aइतिहास _964708 |
||
| 942 |
_2ddc _cHIN |
||
| 999 |
_c54440 _d54440 |
||